| Tag |
First Indicator |
Second Indicator |
Subfields |
| LEADER |
00000pam a2200000 a 4500 |
| 001 |
in00000090644 |
| 005 |
20151008065730.0 |
| 008 |
790809s1980 nyu b 00010cengm |
| 010 |
|
|
|a 79019501
|
| 020 |
|
|
|a 0517534053 :
|c $8.95
|
| 035 |
|
|
|a (OCoLC)05310579
|
| 035 |
|
|
|9 AAK6481AM
|
| 040 |
|
|
|a DLC
|c DLC
|d m.c.
|d TXA
|d UtOrBLW
|
| 049 |
|
|
|a [Curr Col] TXAM
|c [1362508]
|
| 050 |
0 |
0 |
|a CT120
|b P76 1980
|
| 082 |
0 |
|
|a 920/.009/04
|
| 100 |
1 |
|
|a Prochnik, Leon.
|
| 245 |
1 |
0 |
|a Endings :
|b death, glorious and otherwise, as faced by ten outstanding figures of our time /
|c by Leon Prochnik.
|
| 250 |
|
|
|a 1st ed.
|
| 264 |
|
1 |
|a New York :
|b Crown Publishers,
|c [1980]
|
| 264 |
|
4 |
|c ©1980
|
| 300 |
|
|
|a 214 pages ;
|c 22 cm.
|
| 336 |
|
|
|a text
|b txt
|2 rdacontent
|
| 337 |
|
|
|a unmediated
|b n
|2 rdamedia
|
| 338 |
|
|
|a volume
|b nc
|2 rdacarrier
|
| 504 |
|
|
|a Bibliography: pages 211-214.
|
| 650 |
|
0 |
|a Biography
|y 20th century.
|
| 650 |
|
0 |
|a Death
|x Case studies.
|
| 999 |
|
|
|a MARS
|
| 999 |
f |
f |
|s afc465ff-2413-34a0-b4c4-ef9c059c1c56
|i 71a2f253-81c7-34af-a0fd-055a47e8a11e
|t 0
|
| 952 |
f |
f |
|p ric
|a Texas A&M University
|b Rellis Campus
|c Joint Library Facility
|d Remote Storage
|t 0
|e CT120 P76 1980
|h Library of Congress classification
|i unmediated -- volume
|m A14805992500
|
| 998 |
f |
f |
|a CT120 P76 1980
|t 0
|l Remote Storage
|